Logo BPK

Biblioteka

Politechniki Koszalińskiej

Songs in Action / (Rekord nr 48071)

Szczegóły MARC
000 -ETYKIETA REKORDU
podpole kontrolne o stałej długości 00927nam a2200253 i 4500
001 - NUMER KONTROLNY REKORDU
pole kontrolne bgj
020 ## - MIĘDZYNARODOWY ZNORMALIZOWANY NUMER KSIĄŻKI - ISBN
ISBN 0138249881 (pbk)
040 ## - ŹRÓDŁO KATALOGOWANIA
Instytucja, która utworzyła rekord BPK
041 0# - KOD JĘZYKA
Kod języka tekstu eng
920 ## - Międzynarodowy znormalizowany numer książki – ISBN
ISBN 0-13-824988-1 (pbk)
008 - POLE O STAŁEJ DŁUGOŚCI - DANE KONTROLNE
podpole kontrolne o stałej długości s uk f |000 0 eng
100 1# - NAZWA OSOBOWA
Nazwa osobowa GRIFFEE, Dale T.
245 10 - TYTUŁ/ODPOWIEDZIALNOŚĆ
Tytuł Songs in Action /
Pozostałe elementy strefy tytułu i oznaczenia odpowiedzialności Dale T. Griffee.
260 ## - STREFA ADRESU WYDAWNICZEGO
Miejsce wydania New York :
Nazwa wydawcy/dystrybutora Prentice Hall International,
Data publikacji, dystrybucji/powstania dokumentu 1992.
300 ## - STREFA OPISU FIZYCZNEGO
Objętość XI, 173 pp ;
Rozmiary 24 cm.
490 1# - STREFA SERII I DOKUMENTU WIELOCZĘŚCIOWEGO - FORMA NIE DO WYSZUKIWANIA
Tytuł i oznaczenie odpowiedzialności serii Language Teaching Methodology Series / Christopher N. Candlin, gen. ed.. Classroom Techniques Methodology Series
504 ## - UWAGA DOTYCZĄCA BIBLIOGRAFII
Informacje o bibliografii Bibliography p. 157-162.
505 ## - SFORMALIZOWANA UWAGA DOTYCZĄCA ZAWARTOŚCI
Pełny tekst uwagi Includes indexes.
650 #9 - HASŁO PRZEDMIOTOWE W FORMIE NAZWY OGÓLNEJ LUB JEDNOSTKOWEJ
Nazwa ogólna lub geograficzna English language
Określnik ogólny Study and teaching
-- Foreign speakers
650 #9 - HASŁO PRZEDMIOTOWE W FORMIE NAZWY OGÓLNEJ LUB JEDNOSTKOWEJ
Nazwa ogólna lub geograficzna Music in education
650 #9 - HASŁO PRZEDMIOTOWE W FORMIE NAZWY OGÓLNEJ LUB JEDNOSTKOWEJ
Nazwa ogólna lub geograficzna Activity programmes in education
830 #0 - HASŁO DODATKOWE SERII LUB DOKUMENTU WIELOCZĘŚCIOWEGO - TYTUŁ UJEDNOLICONY
Tytuł ujednolicony Language Teaching Methodology Series (Christopher N. Candlin, gen. ed.).
Nazwa części/sekcji dzieła Classroom Techniques Methodology Series
856 ## - LOKALIZACJA I DOSTĘP DO ELEKTRONICZNYCH DOKUMENTÓW ZDALNYCH
Link (URL) http://koha.tu.koszalin.pl/cgi-bin/koha/opac-detail.pl?biblionumber=48071
Tekst linku Katalog online BPK
942 ## - DODATKOWE ELEMENTY (KOHA)
Typ dokumentu Książka
Egzemplarze
Wycofany Status egzemplarza Uszkodzony Dostępność Lokalizacja stała Lokalizacja bieżąca Miejsce przechowywania Sygnatura Kod kreskowy Typ dokumentu
      Dostępny Biblioteka Politechniki Koszalińskiej Biblioteka Politechniki Koszalińskiej Wypożyczalnia Językowa KA 5047 09003866 Książka
      Tylko na miejscu Biblioteka Politechniki Koszalińskiej Biblioteka Politechniki Koszalińskiej Czytelnia Wydziałowa ul. Kwiatkowskiego 6e KA 5048 00908405 Książka
© 2023 Biblioteka Politechniki Koszalińskiej :: KOHA